000 01433nam0a22003011 4500
001 rc\2787601
005 20250529165737.0
035 _a(NLR Aleph) 006913792
090 _a7374878
_c7374878
100 _a20110915d1935 |||y0rusy50 ca
101 0 _arus
102 _aRU
105 _aa z |||||
200 1 _aКоклюш и борьба с ним в яслях
_fИ. Д. Ионин
_gРед. коллегия: С. А. Бахмутская, Р. А. Беренштейн, Г. Н. Сперанский... [и др.]
210 _aМосква
_cЦентр. науч. иссл. ин-т охраны материнства и младенчества НКЗ
_d1935
_g13 типоцинк. Мособлполиграфа
215 _aОбл., 42, [4] c., 1 с. объявл.
_cдиагр.
_d21х15 см.
225 1 _aБиблиотека ясельного врача
_fГос. центр. науч.-иссл. ин-т охраны материнства и младенчества НКЗ
_vВып. 3
320 _aБиблиогр.: "Литература" (36 назв.)
700 1 _aИонин
_bИ.Д.
_f1895-1945
_gИван Дмитриевич
702 1 _aБеренштейн
_bР.А.
_4340
702 1 _aБахмутская
_bС.А.
_4340
702 1 _aСперанский
_bГ.Н.
_4340
801 0 _aRU
_bNLR
_gpsbo
801 1 _aRU
_bELAR
_2rusmarc
852 _aNLR
_j35-10/163
942 _cBOOK
980 _aNB